Statistics for House of the Dragon: Green or Black?

Click here to take the quiz!

General Stats

  • This quiz has been taken 636 times
  • The average score is 22 of 30

Answer Stats

QuestionAnswer% Correct
EASY: Rhaenyra TargaryenBlack
99%
Daemon TargaryenBlack
98%
Aemond TargaryenGreen
98%
Alicent HightowerGreen
98%
Jacaerys VelaryonBlack
97%
Rhaenys TargaryenBlack
97%
Criston ColeGreen
97%
Otto HightowerGreen
97%
Aegon II TargaryenGreen
96%
Corlys VelaryonBlack
95%
VhagarGreen
92%
Cregan StarkBlack
90%
MEDIUM: Tyland LannisterGreen
88%
Larys StrongGreen
84%
Borros BaratheonGreen
78%
TyraxesBlack
75%
MysariaBlack
73%
Daeron TargaryenGreen
72%
Addam of HullBlack
64%
SheepstealerBlack
64%
Erryk CargyllBlack
58%
Bartimos CeltigarBlack
56%
Arryk CargyllGreen
52%
Unwin PeakeGreen
44%
Alfred BroomeGreen
43%
Pate of LongleafBlack
39%
Bold Jon RoxtonGreen
38%
HARD: Lorent MarbrandBlack
37%
Marston WatersGreen
36%
Robert QuinceBlack
35%

Score Distribution

Percentile by Number Answered

Percent of People with Each Score

Your Score History

You have not taken this quiz